| 000 | 00339nam a22001457a 4500 | ||
|---|---|---|---|
| 003 | MACL | ||
| 005 | 20190814151453.0 | ||
| 008 | 190814b xxu||||| |||| 00| 0 eng d | ||
| 040 | _cMACL | ||
| 100 |
_aShah , S K _976267 |
||
| 245 | _aCyber Crime | ||
| 260 |
_aDelhi _bNisha Pub _c2018 |
||
| 650 |
_aComputer Crime _976268 |
||
| 942 |
_2ddc _cBK |
||
| 999 |
_c60756 _d60756 |
||